000 00495nam a2200121Ia 4500
008 171212s9999 xx 000 0 und d
100 _aHolbrook, David K.
245 _cHolbrook, David K.
_aCharles Dickens and the Image of Women
260 _bNew York University Press
_c1993
650 _aDickens, Charles, 1812-1870 -- Characters -- Women; Women and literature -- Great Britain -- History -- 19th century
650 _aLanguage & Literature
856 _uhttp://www.jstor.org/stable/j.ctt9qg5v3
999 _c351524
_d351524